[Event "36th World Junior Girls"]
[Site "Manavgat TUR"]
[Date "2018.09.10"]
[Round "6.42"]
[White "Koo, Wei Xin Rosamund"]
[Black "Huttl, Sofie"]
[Result "1-0"]
[WhiteElo "1918"]
[BlackElo "1727"]
[WhiteFideId "5713684"]
[BlackFideId "236730"]
[EventDate "2018.09.05"]

1. d4 d5 2. Nf3 Nf6 3. c4 c6 4. Nc3 e6 5. Bg5 Nbd7 6. e3 Qa5 7. Bxf6 Nxf6 8. Bd3
dxc4 9. Bxc4 Bb4 10. Qb3 Nd5 11. Rc1 Nxc3 12. bxc3 Be7 13. O-O b5 14. Bd3 O-O
15. Ne5 Qb6 16. c4 f6 17. Nf3 Bd7 18. Bf5 Kf7 19. Bxh7 Rh8 20. Be4 Rac8 21. cxb5
Qxb5 22. Qxb5 cxb5 23. Bb7 Rxc1 24. Rxc1 Rb8 25. Rc7 Ke8 26. Bc6 Bxc6 27. Rxc6
Kd7 28. Ra6 Rb7 29. g3 Bd8 30. Ne1 Bb6 31. Nd3 Rc7 32. Nc5+ Kd6 33. Kg2 e5 34.
Nb3 exd4 35. Nxd4 Rc5 36. Ra3 a5 37. Rb3 b4 38. Rd3 Ke5 39. Nf3+ Ke6 40. Rd2 Rd5
41. Kf1 g5 42. g4 Rd8 43. Rxd8 Bxd8 44. Ke2 Kd5 45. Kd3 Bc7 46. h3 Bb6 47. Nd2
Bc7 48. Ne4 Ke5 49. f3 Bb6 50. Nd2 Kd5 51. Nc4 Bc7 52. f4 gxf4 53. exf4 Bxf4 54.
Nxa5 Kc5 55. h4 Kb5 56. Nc4 Bg3 57. h5 Bf4 58. Kd4 Kc6 59. Ke4 Bg5 60. Ne3 Kc5
61. Nd5 Kc4 62. Nxb4 Kxb4 63. Kf5 1-0

[Event "36th World Junior Girls"]
[Site "Manavgat TUR"]
[Date "2018.09.10"]
[Round "6.43"]
[White "Doroy, Allaney Jia G"]
[Black "Caxita, Esperanca"]
[Result "1-0"]
[WhiteTitle "WFM"]
[BlackTitle "WIM"]
[WhiteElo "1914"]
[BlackElo "1803"]
[WhiteFideId "5216729"]
[BlackFideId "10100903"]
[EventDate "2018.09.05"]

1. c4 e5 2. Nc3 Nf6 3. g3 d5 4. cxd5 Nxd5 5. Bg2 c6 6. Nxd5 cxd5 7. Qb3 e4 8. d3
f5 9. Nh3 Nc6 10. O-O Bc5 11. dxe4 dxe4 12. Bg5 Qb6 13. Qd5 Ne7 14. Qe5 Qd6 15.
Qxg7 Bd4 16. Bxe7 Qd7 17. Qh6 Qxe7 18. Nf4 Bg7 19. Qh5+ Qf7 20. Qxf7+ Kxf7 21.
Rac1 Rd8 22. b3 Be5 23. Rfd1 Bd7 24. e3 Bc6 25. Bf1 Ke7 26. Bc4 Rac8 27. Be6
Rxd1+ 28. Rxd1 Rf8 29. Bc4 Bxf4 30. exf4 Rf6 31. Kf1 Rh6 32. Kg1 Rf6 33. h3 Rh6
34. Kh2 Rd6 35. Rxd6 Kxd6 36. g4 h6 37. Kg3 Bd7 38. Kh4 Ke7 39. g5 b5 40. Bd5
hxg5+ 41. Kxg5 Kf8 42. Kf6 1-0

[Event "36th World Junior Girls"]
[Site "Manavgat TUR"]
[Date "2018.09.10"]
[Round "6.44"]
[White "Gur, Tuba"]
[Black "Ince, Safiye Oyku"]
[Result "0-1"]
[BlackTitle "WCM"]
[WhiteElo "1724"]
[BlackElo "1905"]
[WhiteFideId "34553495"]
[BlackFideId "6391222"]
[EventDate "2018.09.05"]

1. d4 d5 2. Nf3 Nc6 3. e3 Bg4 4. Nbd2 e5 5. h3 Bxf3 6. Nxf3 e4 7. Nd2 f5 8. c4
Nf6 9. Qb3 Rb8 10. a3 Bd6 11. cxd5 Ne7 12. Qb5+ Qd7 13. Qxd7+ Nxd7 14. Nc4 Nxd5
15. Nxd6+ cxd6 16. Bc4 N5b6 17. Be6 Rf8 18. g4 g6 19. gxf5 gxf5 20. Rg1 Rf6 21.
Ba2 Rg6 22. Rxg6 hxg6 23. Bd2 Rc8 24. Bb4 d5 25. Kf1 Nf6 26. Kg2 Na4 27. Rb1 Kf7
28. Bb3 Nb6 29. Bd2 g5 30. Rc1 Rc6 31. Rxc6 bxc6 32. Bb4 Kg6 33. Bc5 Nfd7 34.
Bd6 Kf6 35. h4 gxh4 36. Kh3 Nc8 37. Bb4 Kg5 38. Ba4 Nb8 39. Bc5 f4 40. b4 Nb6
41. Bd1 f3 42. Be7+ Kf5 43. Kxh4 Ke6 44. Bg5 Nc4 45. a4 Nb2 46. Bb3 Nd3 47. Kg3
Nxb4 48. a5 Nd7 49. Ba4 c5 50. dxc5 Nxc5 51. Bb5 a6 52. Bf1 Nb7 53. Bf4 Nxa5 54.
Bh3+ Kf7 55. Bd6 Nd3 56. Bf1 Nc4 57. Bc7 Nc5 58. Kg4 Ke6 59. Kf4 Kd7 60. Bb8 Nd2
61. Bh3+ Kc6 62. Ba7 Nd3+ 63. Kg3 a5 64. Bd4 a4 65. Bc3 Nb3 66. Bf1 a3 0-1

[Event "36th World Junior Girls"]
[Site "Manavgat TUR"]
[Date "2018.09.10"]
[Round "6.45"]
[White "Aksoy, Ayca"]
[Black "Anacoglu, Cisel"]
[Result "1-0"]
[WhiteElo "1898"]
[BlackElo "1791"]
[WhiteFideId "6355978"]
[BlackFideId "34573631"]
[EventDate "2018.09.05"]

1. Nf3 Nf6 2. d4 g6 3. Nc3 d5 4. Bf4 Bg7 5. Qd2 c6 6. Ne5 Nbd7 7. f3 Nh5 8. Nxd7
Nxf4 9. Ne5 Ne6 10. e3 Qd6 11. f4 h5 12. Be2 Nc7 13. O-O-O b5 14. e4 b4 15. Na4
dxe4 16. Nc5 a5 17. Bc4 Nd5 18. Nxe4 Qc7 19. Kb1 Bf5 20. Nc5 O-O 21. h3 h4 22.
Qf2 Bf6 23. g4 hxg3 24. Qxg3 a4 25. h4 b3 26. Bd3 Bxd3 27. Rxd3 Nb4 28. Rd2
bxc2+ 29. Ka1 Qa5 30. Rg2 a3 31. b3 Kg7 32. Ne6+ Kh8 33. Nxg6+ fxg6 34. Qxg6
c1=Q+ 35. Rxc1 Nc2+ 36. Kb1 Rf7 37. Qxf7 Nxd4 38. Nxd4 Rb8 39. Rg6 Rxb3+ 40.
Qxb3 1-0

[Event "36th World Junior Girls"]
[Site "Manavgat TUR"]
[Date "2018.09.10"]
[Round "6.46"]
[White "Incecik, Seyma Zeynep"]
[Black "Koljevic, Nikolina"]
[Result "1/2-1/2"]
[WhiteElo "1716"]
[BlackElo "1898"]
[WhiteFideId "6374948"]
[BlackFideId "16503945"]
[EventDate "2018.09.05"]

1. e4 c5 2. d4 cxd4 3. c3 dxc3 4. Nxc3 Nc6 5. Nf3 e6 6. Bc4 a6 7. a4 Bc5 8. Bf4
Nge7 9. O-O O-O 10. Qe2 Ng6 11. Bg3 Qb6 12. Rad1 h6 13. Bd6 Bxd6 14. Rxd6 Qc5
15. Rfd1 Nf4 16. Qf1 f5 17. R6d2 Qb4 18. e5 Qc5 19. Re1 Ng6 20. Qe2 Nf4 21. Qf1
g5 22. h3 Kh7 23. Ba2 Nb4 24. Qc4 Qe7 25. Bb1 Nbd5 26. Nd4 Kh8 27. Nxd5 Nxd5 28.
Nxf5 exf5 29. Qxd5 Rb8 30. Qd6 Qxd6 31. Rxd6 Kg7 32. a5 Rf7 33. g3 g4 34. h4 b6
35. axb6 Bb7 36. Red1 Bf3 37. R1d2 Re8 38. Rxd7 Rxe5 39. Rxf7+ Kxf7 40. Ba2+ Ke7
41. Bc4 Re1+ 42. Bf1 Rb1 43. Rc2 Kd6 44. b4 Ke5 1/2-1/2

[Event "36th World Junior Girls"]
[Site "Manavgat TUR"]
[Date "2018.09.10"]
[Round "6.48"]
[White "Anandpara, Jayendra Saloni"]
[Black "Nemcova, Karin"]
[Result "0-1"]
[WhiteElo "1326"]
[BlackElo "1990"]
[WhiteFideId "6002200"]
[BlackFideId "360821"]
[EventDate "2018.09.05"]

1. d4 g6 2. Bf4 Bg7 3. e3 d6 4. h3 Nd7 5. Nf3 e5 6. Bh2 Ne7 7. Be2 O-O 8. Nbd2
Nf5 9. c3 Qe7 10. g4 Nh4 11. Nxh4 Qxh4 12. Bg3 Qe7 13. Qc2 Nb6 14. Bf3 exd4 15.
cxd4 Bxd4 16. Kf1 Bg7 17. Rc1 c6 18. h4 d5 19. h5 Qb4 20. Rb1 Bxg4 21. Bxg4 Qxg4
22. h6 Bh8 23. b3 Rad8 24. Rh4 Qe6 25. Nf3 f5 26. Rd1 Bf6 27. Rh2 Qe4 28. Qe2
Rfe8 29. Bh4 Qe7 30. Bxf6 Qxf6 31. Qd2 Re4 32. Rg2 Nd7 33. Ng5 Rh4 34. Nf3 Rxh6
35. Qd4 Rh1+ 36. Rg1 Qxd4 37. Nxd4 Rxg1+ 38. Kxg1 Re8 39. Kg2 Kg7 40. Nf3 Ne5
41. Nxe5 Rxe5 42. Kf3 g5 43. Rg1 Kf6 44. Rh1 Kg6 45. a4 h5 0-1

[Event "36th World Junior Girls"]
[Site "Manavgat TUR"]
[Date "2018.09.11"]
[Round "7.1"]
[White "Dordzhieva, Dinara"]
[Black "Khomeriki, Nino"]
[Result "1-0"]
[WhiteTitle "WIM"]
[BlackTitle "WIM"]
[WhiteElo "2318"]
[BlackElo "2313"]
[WhiteFideId "24157570"]
[BlackFideId "13603191"]
[EventDate "2018.09.05"]

1. d4 d5 2. c4 e6 3. Nc3 Be7 4. Bf4 Nf6 5. e3 c6 6. h3 O-O 7. Nf3 Nbd7 8. Bd3
dxc4 9. Bxc4 Nb6 10. Bd3 Nbd5 11. Bh2 Qa5 12. Qb3 c5 13. O-O cxd4 14. Nxd5 Qxd5
15. Bc4 Qa5 16. Nxd4 Qb4 17. Qxb4 Bxb4 18. Rfd1 Bd7 19. Be2 Rac8 20. Bf3 Nd5 21.
Rac1 Rxc1 22. Rxc1 Rc8 23. Rd1 Ba4 24. Nb3 f6 25. Bg4 f5 26. Bf3 Be7 27. Be5 Nb4
28. Bxb7 Rc2 29. Nd4 Rxb2 30. Nxe6 Rxa2 31. Rc1 Bb3 32. Nd4 Bd5 33. Rc8+ Kf7 34.
Rc7 Bxb7 35. Rxb7 Nd5 36. Nxf5 Ke6 37. Nxe7 Nxe7 38. Bxg7 h5 39. g4 hxg4 40.
hxg4 a5 41. Ra7 Nd5 42. Bd4 Nb4 43. Bc3 Nd3 44. Ra6+ Ke7 45. g5 Rc2 46. Bf6+ Kf7
47. Bd4 Rxf2 48. g6+ Kg8 49. Rxa5 Rf3 50. Ra8+ Rf8 51. Ra7 Rd8 52. Rg7+ Kf8 53.
Rf7+ Kg8 54. Rh7 Rxd4 55. exd4 Nf4 56. Kf2 Nxg6 57. Rb7 Kf8 58. Ke3 Ke8 59. Ke4
Kd8 60. Kd5 Nf4+ 61. Kd6 Kc8 62. Rf7 Ne2 63. d5 Nd4 64. Rf8+ Kb7 65. Kd7 1-0

[Event "36th World Junior Girls"]
[Site "Manavgat TUR"]
[Date "2018.09.11"]
[Round "7.2"]
[White "Maltsevskaya, Aleksandra"]
[Black "Paramzina, Anastasya"]
[Result "1-0"]
[BlackTitle "WGM"]
[WhiteElo "2234"]
[BlackElo "2222"]
[WhiteFideId "24174041"]
[BlackFideId "4165012"]
[EventDate "2018.09.05"]

1. e4 c5 2. Nf3 d6 3. d4 cxd4 4. Nxd4 Nf6 5. Nc3 a6 6. h3 e5 7. Nde2 h5 8. Bg5
Be6 9. g3 Be7 10. Bg2 O-O 11. O-O Nbd7 12. a4 Rc8 13. b3 Nh7 14. Be3 Nb8 15. Rc1
h4 16. Nd5 hxg3 17. Nxe7+ Qxe7 18. Nxg3 b5 19. axb5 axb5 20. Kh2 Rfd8 21. Rg1
Qh4 22. Nf5 Bxf5 23. exf5 Nc6 24. Bxc6 Rxc6 25. Rg4 Qf6 26. Qd5 Rdc8 27. Rcg1
Kf8 28. Rxg7 Qxg7 29. Rxg7 Kxg7 30. Qg2+ Kf8 31. Bh6+ Ke7 32. Qg7 Nf6 33. Bg5 d5
34. h4 d4 35. h5 e4 36. h6 d3 37. cxd3 exd3 38. h7 Rd6 39. Bd2 Nxh7 40. Qxh7 Rd4
41. f6+ Kd6 42. Qxf7 Rh8+ 43. Kg3 Rdh4 44. Qe7+ Kd5 45. Qd7+ Kc5 46. f7 1-0

[Event "36th World Junior Girls"]
[Site "Manavgat TUR"]
[Date "2018.09.11"]
[Round "7.3"]
[White "Gorti, Akshita"]
[Black "Tsolakidou, Stavroula"]
[Result "1-0"]
[WhiteTitle "FM"]
[BlackTitle "IM"]
[WhiteElo "2315"]
[BlackElo "2393"]
[WhiteFideId "2072505"]
[BlackFideId "4264312"]
[EventDate "2018.09.05"]

1. d4 Nf6 2. c4 e6 3. Nc3 Bb4 4. e3 O-O 5. Ne2 c6 6. a3 Ba5 7. Qc2 d5 8. Ng3
Nbd7 9. Be2 Bc7 10. O-O dxc4 11. Bxc4 e5 12. Rd1 exd4 13. Rxd4 Qe8 14. Nce4 c5
15. Nd6 Bxd6 16. Rxd6 Qe5 17. Rd1 Nb6 18. Be2 Bd7 19. Bd2 Rac8 20. Bc3 Qe6 21.
a4 Nbd5 22. Bxf6 Nxf6 23. Bc4 Qe5 24. Qb3 Bc6 25. Rd2 g6 26. Rad1 Qe7 27. h3 b6
28. Rd6 Ne8 29. R6d2 Nf6 30. f3 Kg7 31. Qc3 Bxa4 32. Ne4 Bc6 33. Bd5 Rfd8 34. g4
h6 35. h4 g5 36. hxg5 hxg5 37. Ng3 Qc7 38. Nh5+ 1-0

[Event "36th World Junior Girls"]
[Site "Manavgat TUR"]
[Date "2018.09.11"]
[Round "7.4"]
[White "Antova, Gabriela"]
[Black "Assaubayeva, Bibisara"]
[Result "1/2-1/2"]
[WhiteTitle "FM"]
[BlackTitle "FM"]
[WhiteElo "2292"]
[BlackElo "2371"]
[WhiteFideId "2915235"]
[BlackFideId "13708694"]
[EventDate "2018.09.05"]

1. d4 Nf6 2. c4 g6 3. Nf3 Bg7 4. g3 O-O 5. Bg2 d6 6. O-O Nc6 7. Nc3 a6 8. h3 Rb8
9. e4 b5 10. d5 b4 11. Ne2 Na5 12. Qc2 c5 13. Be3 Qb6 14. b3 Nb7 15. a4 Ne8 16.
Rae1 Nd8 17. Nf4 e5 18. Nd3 f5 19. Nd2 Nf6 20. Kh2 Nf7 21. f4 fxe4 22. Nxe4 Bf5
23. Bc1 Rbe8 24. Nxf6+ Bxf6 25. Qd1 Qd8 26. Re2 Bxd3 27. Qxd3 exf4 28. Bxf4 Rxe2
29. Qxe2 Be5 30. Be4 Bxf4 31. Rxf4 Re8 32. Qg2 Qe7 33. Bc2 Qd8 34. Re4 Rxe4 35.
Qxe4 Qf6 36. Qe2 Qc3 37. Kg2 Ne5 38. Kf2 Kg7 39. Kg2 h5 40. Bd1 Qd4 41. Bc2 h4
42. gxh4 Qxh4 43. Qe4 Qg5+ 44. Kf2 a5 45. h4 Qd2+ 46. Kg3 Kh7 47. Kh3 Kh6 48.
Kg3 Kg7 49. Kh3 Qf2 50. h5 gxh5 51. Qh7+ Kf8 52. Qh6+ Kg8 53. Qh7+ 1/2-1/2

[Event "36th World Junior Girls"]
[Site "Manavgat TUR"]
[Date "2018.09.11"]
[Round "7.5"]
[White "Potapova, Margarita"]
[Black "Sieber, Fiona"]
[Result "1-0"]
[WhiteTitle "WFM"]
[BlackTitle "WIM"]
[WhiteElo "2277"]
[BlackElo "2277"]
[WhiteFideId "14126869"]
[BlackFideId "12902373"]
[EventDate "2018.09.05"]

1. e4 e5 2. Nf3 Nc6 3. Bc4 Nf6 4. d3 Be7 5. O-O O-O 6. Re1 d6 7. a4 Na5 8. Ba2
c5 9. Na3 Nc6 10. c3 h6 11. h3 a6 12. Nc4 Be6 13. Bd2 b5 14. Ne3 Rb8 15. Qc2 Qd7
16. Kh2 Rfc8 17. axb5 axb5 18. Bxe6 fxe6 19. Ra6 d5 20. Ng4 Nxg4+ 21. hxg4 d4
22. cxd4 exd4 23. Qb3 c4 24. dxc4 bxc4 25. Qxc4 Bd6+ 26. g3 Nb4 27. Rxd6 Qxd6
28. Bxb4 Qxb4 29. Qxe6+ Kh8 30. Kg2 Rc2 31. g5 Qxb2 32. Rf1 h5 33. Ne5 Qb6 34.
Nf7+ Kg8 35. Nd6+ Kh8 36. Nf7+ Kg8 37. Nd6+ Kh8 38. g6 d3 39. Nf7+ Kg8 40. Nh6+
Kh8 41. Qg8+ Rxg8 42. Nf7# 1-0

[Event "36th World Junior Girls"]
[Site "Manavgat TUR"]
[Date "2018.09.11"]
[Round "7.6"]
[White "Tokhirjonova, Gulrukhbegim"]
[Black "Mahalakshmi, M"]
[Result "1-0"]
[WhiteTitle "WGM"]
[BlackTitle "WIM"]
[WhiteElo "2369"]
[BlackElo "2213"]
[WhiteFideId "14203626"]
[BlackFideId "5001080"]
[EventDate "2018.09.05"]

1. e4 c6 2. d4 d5 3. e5 c5 4. Nf3 cxd4 5. Nxd4 e6 6. c4 Bc5 7. Nb3 Bb6 8. Nc3
Ne7 9. Qg4 O-O 10. Bg5 Qc7 11. c5 Qxe5+ 12. Be2 Bd8 13. f4 Qc7 14. Nb5 Qc6 15.
O-O Nf5 16. Bxd8 Rxd8 17. Bd3 Re8 18. Qh3 g6 19. g4 a6 20. a4 Ng7 21. Qe3 Qd7
22. Nd6 Rf8 23. Nd4 e5 24. fxe5 Qxg4+ 25. Kh1 Nc6 26. Rf4 Qg5 27. Nxc6 bxc6 28.
Rg1 Qe7 29. Rf6 Rb8 30. Qg5 Qa7 31. Nxc8 Rbxc8 32. b4 Rfe8 33. Rgf1 Rc7 34. R1f3
Rce7 35. Rxc6 Rxe5 36. Qf6 Qd7 37. Rd6 Re1+ 38. Bf1 Qc7 39. Rc6 Qd7 40. Rd6 Qc7
41. Rxd5 R1e6 42. Qf4 Qb7 43. Qd2 Nf5 44. b5 axb5 45. axb5 Qa8 46. c6 Re1 47.
Rdxf5 gxf5 48. Qg5+ Kf8 49. Qxf5 Qa2 50. Qc5+ R1e7 51. Qd6 Qe6 52. Qxe6 Rxe6 53.
Bc4 Re1+ 54. Kg2 Ke7 55. b6 Kd6 56. c7 Rb1 57. Bxf7 Rc8 58. Bb3 Re8 59. Rf6+ Kc5
60. b7 Rb2+ 61. Rf2 Rxf2+ 62. Kxf2 Rf8+ 63. Kg2 1-0

[Event "36th World Junior Girls"]
[Site "Manavgat TUR"]
[Date "2018.09.11"]
[Round "7.7"]
[White "Haussernot, Cecile"]
[Black "Zhu, Jiner"]
[Result "0-1"]
[WhiteTitle "WIM"]
[BlackTitle "WIM"]
[WhiteElo "2237"]
[BlackElo "2364"]
[WhiteFideId "601632"]
[BlackFideId "8608059"]
[EventDate "2018.09.05"]

1. e4 c5 2. Nf3 d6 3. Bb5+ Bd7 4. Bxd7+ Qxd7 5. c4 Nc6 6. Nc3 g6 7. d4 cxd4 8.
Nxd4 Bg7 9. Be3 Nf6 10. f3 O-O 11. O-O Rfc8 12. b3 Qd8 13. Kh1 Qa5 14. Rc1 a6
15. Qd3 Rab8 16. Bd2 Nb4 17. Qe3 Qd8 18. Nd5 Nfxd5 19. exd5 Qb6 20. Bxb4 Bxd4
21. Qe1 Qd8 22. Qe4 Bf6 23. c5 dxc5 24. Bxc5 Qd7 25. Rfe1 b6 26. Bf2 Qb5 27. Rc6
Rd8 28. Bg3 Rb7 29. d6 Rbd7 30. a4 Qxb3 31. Rc7 Rxd6 32. Bxd6 Rxd6 33. Qa8+ Kg7
34. Qxa6 Rd2 35. Qc4 Qe3 36. Qc1 Qf2 37. Rg1 h5 38. Qf1 Qh4 39. Qc4 Rd4 40. Qb5
Qf4 41. Rgc1 Qxc7 0-1

[Event "36th World Junior Girls"]
[Site "Manavgat TUR"]
[Date "2018.09.11"]
[Round "7.8"]
[White "Hojjatova, Aydan"]
[Black "Song, Yuxin"]
[Result "1-0"]
[WhiteTitle "WGM"]
[BlackTitle "WCM"]
[WhiteElo "2356"]
[BlackElo "2156"]
[WhiteFideId "13401491"]
[BlackFideId "8614300"]
[EventDate "2018.09.05"]

1. Nf3 Nf6 2. d4 e6 3. e3 c5 4. Bd3 Nc6 5. O-O d5 6. b3 Bd6 7. Bb2 O-O 8. a3 b6
9. Nbd2 Bb7 10. Ne5 Ne7 11. f4 Nf5 12. Qf3 Be7 13. dxc5 bxc5 14. Rad1 Nd6 15.
Qh3 Nfe4 16. Bxe4 dxe4 17. Ndc4 Qc7 18. Qg4 Nf5 19. Rd7 Qc8 20. Rxe7 g6 21. Nd7
Rd8 22. Nf6+ Kf8 23. Rxb7 Qxb7 24. Nxh7+ Ke8 25. Nf6+ Kf8 26. Qg5 Rac8 27. Be5
Qc6 28. g4 Nd4 29. exd4 cxd4 30. Nh7+ Ke8 31. Nf6+ Kf8 32. Qh6+ Ke7 33. Nh7 Qc5
34. Qg5+ Kd7 35. Nf6+ Kc6 36. Nxe4 Qd5 37. Ned6 Ra8 38. Rd1 Qf3 39. Rxd4 Qe2 40.
Rd2 Qe1+ 41. Kg2 a5 42. Bc3 f5 43. Qe7 1-0

[Event "36th World Junior Girls"]
[Site "Manavgat TUR"]
[Date "2018.09.11"]
[Round "7.9"]
[White "Unuk, Laura"]
[Black "Nurgali, Nazerke"]
[Result "0-1"]
[WhiteTitle "WIM"]
[BlackTitle "WFM"]
[WhiteElo "2299"]
[BlackElo "2080"]
[WhiteFideId "14609215"]
[BlackFideId "13711261"]
[EventDate "2018.09.05"]

1. d4 Nf6 2. Nf3 e6 3. c4 d5 4. g3 Be7 5. Bg2 O-O 6. O-O b6 7. cxd5 exd5 8. Nc3
Bb7 9. Bf4 Na6 10. Rc1 c5 11. Qc2 Nc7 12. Rfd1 Ne6 13. e3 Nxf4 14. exf4 c4 15.
Ne5 Qc7 16. Re1 a6 17. a4 Bb4 18. g4 Rad8 19. Re3 Bxc3 20. Rxc3 b5 21. Rh3 g6
22. g5 Nd7 23. Re1 Nxe5 24. fxe5 Bc8 25. Rh6 b4 26. Re3 Be6 27. Rf3 c3 28. bxc3
Rc8 29. Bh3 Kg7 30. Bxe6 fxe6 31. Rfh3 Rh8 32. Rg3 Qc4 33. Rf3 b3 34. Qd2 Rb8
35. Qb2 Qxa4 36. c4 Qa2 37. Qc3 b2 38. cxd5 b1=Q+ 39. Kg2 Qac2 40. Qa3 Qb7 41.
dxe6 Qce4 42. Rh3 Rhf8 0-1

[Event "36th World Junior Girls"]
[Site "Manavgat TUR"]
[Date "2018.09.11"]
[Round "7.10"]
[White "Sliwicka, Alicja"]
[Black "Meenal, Gupta"]
[Result "1-0"]
[WhiteTitle "WFM"]
[WhiteElo "2272"]
[BlackElo "1963"]
[WhiteFideId "1150677"]
[BlackFideId "25070479"]
[EventDate "2018.09.05"]

1. e4 c5 2. Nf3 d6 3. d4 cxd4 4. Nxd4 Nf6 5. Nc3 a6 6. Bg5 e6 7. Qd3 Be7 8.
O-O-O Nbd7 9. f4 Qc7 10. Be2 b5 11. Bf3 Bb7 12. Bxf6 gxf6 13. a3 O-O-O 14. Kb1
Kb8 15. Bh5 Rhf8 16. Qh3 Rc8 17. Rhe1 Nb6 18. Rd3 d5 19. exd5 Bxd5 20. Bf3 Rfd8
21. Red1 Bxf3 22. Qxf3 Nd5 23. f5 Qb6 24. Nxd5 Rxd5 25. fxe6 fxe6 26. Qe4 Rc4
27. Qxe6 Qxe6 28. Nxe6 Rxd3 29. Rxd3 Re4 30. Nd4 Re1+ 31. Ka2 Bc5 32. Nf3 Re2
33. Rd2 Re6 34. Kb3 Kc7 35. c3 Re4 36. Kc2 Kc6 37. Nd4+ Bxd4 38. Rxd4 Re2+ 39.
Rd2 Re6 40. Rf2 Kd6 41. Kd3 Kd5 42. b3 Rd6 43. Rf4 Ke5+ 44. Rd4 Rc6 45. c4 bxc4+
46. Rxc4 Rd6+ 47. Ke3 Rd1 48. Ra4 Re1+ 49. Kf3 Rf1+ 50. Kg3 Rb1 51. b4 Rb3+ 52.
Kh4 Rb2 53. Kh3 Rb3+ 54. g3 f5 55. Kh4 Rb2 56. h3 Kd5 1-0

[Event "36th World Junior Girls"]
[Site "Manavgat TUR"]
[Date "2018.09.11"]
[Round "7.14"]
[White "Nomin-Erdene, Davaademberel"]
[Black "Pychova, Nela"]
[Result "1-0"]
[WhiteTitle "IM"]
[BlackTitle "WFM"]
[WhiteElo "2377"]
[BlackElo "2173"]
[WhiteFideId "4900782"]
[BlackFideId "351369"]
[EventDate "2018.09.05"]

1. e4 e5 2. Nf3 Nf6 3. Nc3 Bb4 4. Nxe5 O-O 5. Be2 Re8 6. Nd3 Bxc3 7. dxc3 Nxe4
8. Nf4 d6 9. O-O Nd7 10. f3 Nef6 11. c4 Ne5 12. Rf2 Bd7 13. b3 a6 14. Bb2 b5 15.
cxb5 axb5 16. Bf1 Qb8 17. Rd2 Bc6 18. Be2 Qb7 19. Qf1 Ra7 20. a3 Qb8 21. Qf2 Rb7
22. Qg3 Qc8 23. a4 bxa4 24. Ba6 axb3 25. cxb3 Qb8 26. Bxb7 Qxb7 27. Nd3 Qxb3 28.
Nxe5 dxe5 29. Re1 Qb6+ 30. Qf2 Qxf2+ 31. Kxf2 e4 32. Bxf6 gxf6 33. Rc2 Re6 34.
Rc4 f5 35. Rc5 Rf6 36. Rec1 Bd7 37. Rxc7 Bb5 38. R1c5 Bd3 39. R7c6 Rxc6 40. Rxc6
Kg7 41. Ke3 Bf1 42. Rc2 exf3 43. Kxf3 Bd3 44. Rc3 Bb1 45. Kf4 f6 46. Rc1 Bd3 47.
Ke3 Ba6 48. Kd4 Kg6 49. Kd5 Bb7+ 50. Ke6 f4 51. Rc4 Bxg2 52. Rxf4 f5 53. Ke5 Be4
54. Rf1 Kg5 55. Rg1+ Kh4 56. Rg3 Bb1 57. Kf4 Be4 58. Ke3 Bb1 59. Kf2 Be4 60. Rb3
Bd5 61. Rd3 Be4 62. Ra3 Bd5 63. Kg1 Be4 64. h3 Bc2 65. Kh2 Be4 66. Ra4 h6 67.
Rb4 h5 68. Ra4 Kg5 69. Kg3 h4+ 70. Kf2 Bc6 71. Ra7 Be4 72. Ke3 Bc6 73. Rg7+ Kf6
74. Rg1 Ke5 75. Rg5 Be8 76. Rg7 f4+ 77. Kf2 Kf5 78. Rg4 Bh5 79. Rg8 Bd1 80. Rh8
Kg5 81. Rc8 Kg6 82. Rc5 Bh5 83. Rd5 Kh6 84. Rf5 f3 85. Ke3 Kg6 86. Ke4 Kh6 87.
Ke5 Kg6 88. Ke6 Kh6 89. Kf6 Be8 90. Rxf3 Bd7 91. Rd3 Bc6 92. Rd4 Kh5 93. Rd8 1-0

[Event "36th World Junior Girls"]
[Site "Manavgat TUR"]
[Date "2018.09.11"]
[Round "7.15"]
[White "Chitlange, Sakshi"]
[Black "Ivana Maria, Furtado"]
[Result "1-0"]
[WhiteTitle "WIM"]
[BlackTitle "WIM"]
[WhiteElo "2279"]
[BlackElo "2144"]
[WhiteFideId "35002899"]
[BlackFideId "5048400"]
[EventDate "2018.09.05"]

1. d4 Nf6 2. c4 c5 3. d5 b5 4. Qc2 bxc4 5. e4 e6 6. Bxc4 exd5 7. exd5 d6 8. Ne2
Be7 9. Nbc3 O-O 10. O-O Nbd7 11. b3 Nb6 12. Bb2 Nxc4 13. bxc4 Rb8 14. Nd1 Re8
15. Rb1 Bd7 16. Ne3 Ng4 17. Nxg4 Bxg4 18. Ng3 Bf6 19. Bxf6 Qxf6 20. Qa4 h5 21.
h3 h4 22. Rxb8 Rxb8 23. Qxa7 Rb4 24. Ne4 Qg6 25. Qe7 Bd7 26. Qd8+ Kh7 27. Ng5+
Kh6 28. f4 Qf5 29. Qh8+ Kg6 30. Qh7+ Kf6 31. Qxh4 Rb8 32. g4 1-0

[Event "36th World Junior Girls"]
[Site "Manavgat TUR"]
[Date "2018.09.11"]
[Round "7.17"]
[White "Yang, Yijing"]
[Black "Chu, Ruotong"]
[Result "1/2-1/2"]
[WhiteTitle "WCM"]
[BlackTitle "WIM"]
[WhiteElo "2018"]
[BlackElo "2199"]
[WhiteFideId "8608601"]
[BlackFideId "8605653"]
[EventDate "2018.09.05"]

1. Nf3 Nf6 2. c4 g6 3. b3 Bg7 4. Bb2 c5 5. g3 d6 6. Bg2 e5 7. O-O Nc6 8. Nc3 O-O
9. d3 Rb8 10. e3 Be6 11. Ng5 Bg4 12. Qd2 h6 13. Nge4 Qd7 14. Nxf6+ Bxf6 15. Nd5
Bg7 16. Rab1 Ne7 17. f4 Nxd5 18. Bxd5 Be6 19. Bxe6 Qxe6 20. d4 exd4 21. exd4 Qf5
22. d5 Bxb2 23. Rxb2 b5 24. Re1 Qf6 25. Rc2 a6 26. Qc3 Qxc3 27. Rxc3 Rfe8 28.
Rce3 Rxe3 29. Rxe3 Kf8 30. Kf2 bxc4 31. bxc4 Rb2+ 32. Re2 Rxe2+ 33. Kxe2 Ke7 34.
Kd3 1/2-1/2

[Event "36th World Junior Girls"]
[Site "Manavgat TUR"]
[Date "2018.09.11"]
[Round "7.18"]
[White "Isha, Sharma"]
[Black "Schneider, Jana"]
[Result "1-0"]
[WhiteTitle "WCM"]
[BlackTitle "FM"]
[WhiteElo "2012"]
[BlackElo "2190"]
[WhiteFideId "35006665"]
[BlackFideId "12924997"]
[EventDate "2018.09.05"]

1. e4 e5 2. Nf3 Nc6 3. Bc4 Bc5 4. c3 Nf6 5. d3 d6 6. Nbd2 O-O 7. Nf1 d5 8. exd5
Nxd5 9. Ng3 Kh8 10. O-O f6 11. Re1 a6 12. Bb3 Ba7 13. d4 exd4 14. Nh4 Nde7 15.
Bc2 f5 16. Bg5 Qd6 17. Qh5 d3 18. Rad1 Ne5 19. Bxe7 Qxe7 20. Rxe5 Qxe5 21. Ng6+
Kg8 22. Nxe5 dxc2 23. Rc1 f4 24. Ne4 Bf5 25. Qe2 b5 26. Qxc2 Rae8 27. Qb3+ Be6
28. Qa3 Bf5 29. Nc6 Be3 30. fxe3 Bxe4 31. Qc5 fxe3 32. Re1 Rf2 33. Rxe3 Rxg2+
34. Kf1 Rf8+ 35. Ke1 Rg1+ 36. Kd2 Rg2+ 37. Re2 Bxc6 38. Qxc6 Rd8+ 39. Ke1 1-0